00684nam a2200145Ia 4500008004100000020001800041100002000059245010000079260002200179650018800201650001200389856004500401999001900446952007300465171212s9999 xx 000 0 und d a9781921313066 aKeen, Elizabeth cKeen, ElizabethaThe Journey of a BookbBartholomew the Englishman and the Properties of Things bANU E Pressc2007 aBartholomaeus Anglicus, 13th cent. De proprietatibus rerum; Encyclopedias and dictionaries -- Early works to 1600 -- History and criticism; Philosophy of nature -- Early works to 1800 aHistory uwww.jstor.org/stable/10.2307/j.ctt24h3kw c351368d351368 001040aCLbCLd2017-12-12l0r2017-12-12 00:00:00w2017-12-12yCBE